000 00530nam a2200193Ia 4500
005 20250508162002.0
008 008 250505s9999 xx 000 0 eng d
037 _aTextual
040 _aFEDL
_beng
_cFEDL
041 _aeng
_2eng
084 _a155.4, DEN
_qFEDL
100 _aDenzin Norman K.
245 0 _aChildhood socialization
260 _aSan Francisco
_bJossey - Bass Publishers
_c1977
300 _axiii,235p
650 _aChild psychology
942 _cTEXL
_h155.4, DEN
999 _c1373660
_d1373660